Statistics for Juventus 2016/17 Summer Signings

Click here to take the quiz!

General Stats

  • This quiz has been taken 72 times
  • The average score is 5 of 7

Answer Stats

Previous Club Name % Correct
NapoliGonzalo Higuain
92%
RomaMiralem Pjanic
84%
BarcelonaDani Alves
82%
ChelseaJuan Cuadrado
77%
Bayern MunichMedhi Benatia
74%
Dinamo ZagrebMarko Pjaca
71%
MarseilleMario Lemina
52%

Score Distribution

Percentile by Number Answered

Percent of People with Each Score

Your Score History

You have not taken this quiz